| 000 | 01671nam a22002417a 4500 | ||
|---|---|---|---|
| 003 | OSt | ||
| 005 | 20260306092734.0 | ||
| 008 | 260209b |||||||| |||| 00| 0 eng d | ||
| 037 | _bDonación | ||
| 040 |
_aCO-JMCR _bspa _cCO-JMCR _dCO-JMCR _erda |
||
| 041 | _aspa | ||
| 082 |
_a972.415 _bG64l |
||
| 100 |
_aGonzález Leal, Mariano , _944527 |
||
| 245 |
_aLeón: _btrayectoria y destino / |
||
| 250 | _a2da ed. | ||
| 260 |
_aLeón, Gto : _bUniversidad de Guanajuato, Centro de Investigaciones Humanísticas : H. Ayuntamiento de León Guanajuato, _c1999. |
||
| 300 |
_a267 p. _bil. (a col.), planos, facsíms., fots., retrs. ; _c31 cm. |
||
| 500 | _aContiene bibliografía | ||
| 520 | _aEl precursor -- La fundación y los fundadores -- Días del terror y sangre -- El alba de la paz -- En los albores del siglo XVII -- Bajo los últimos hapsburgos -- La imagen tutelar -- La consolidación -- Postrimetrias del Virreinato -- En el vórtice -- La guerra insurgente -- Los primeros años de independencia -- Los años del federalismo -- La ciudad de León de los Aldamas -- Entre federalismo y centralismo -- Dos benefactores y sus obras -- El parteaguas del siglo XIX -- Los años de la reforma -- En la intervención y el imperio -- La ciudad episcopal -- El coronel Octavio Rosado y la vida cultural en la República restaurada -- Trescientos años de vida -- Un noble instituto educativo y una propsera empresa -- Los años cimeros -- De la cumbre a la tragedia -- El ojo del Huracán -- El ave Fénix -- El esplendor de la belle Époque -- Los albores de nuestro siglo -- Sumario. | ||
| 650 | _aVida social y costumbres | ||
| 650 | _aHistoria | ||
| 942 |
_2ddc _cBK |
||
| 999 |
_c31146 _d17530 |
||